000 00622pam a2200229 a 4500
999 _c124236
_d124236
001 1861472
005 20211007092556.0
008 821213s1983 nyu b 001 0 eng
020 _a9781119503682
040 _cPK-LaUMT
082 0 0 _a657.044076
_bKIE-I
100 1 _aKieso, Donald E.
245 1 0 _aIntermediate accounting /
_cby Donald E. Kieso, Jerry J. Weygandt and Terry D. Warfield
250 _a4th ed.
260 _aNew York :
_bWiley,
_c2020
300 _avar ;
_c25 cm.
650 0 _aAccounting.
650 0 _aIncome statement
650 0 _aInvestments
700 1 _aWeygandt, Jerry J.
942 _cBK